| 000 | 00467nam a22001457a 4500 | ||
|---|---|---|---|
| 003 | SGT | ||
| 082 |
_a617.632 _bE23T |
||
| 100 | _aTomar, Megha | ||
| 245 |
_aEvaluation and comparison of short dental implants versus conventional dental implants for their stability and crestal bone loss _bA Clinico- Radiographic study |
||
| 260 |
_aGurugram, Haryana _bSGT University _c2023 |
||
| 300 | _a87 | ||
| 650 | _aPeriodontology | ||
| 653 | _aPeriodontology | ||
| 942 |
_2ddc _cTH |
||
| 999 |
_c23729 _d23729 |
||